000
00311nam a22001337a 4500
008
170329b xxu||||| |||| 00| 0 eng d
020
_a
0815135499
041
_a
eng
080
_2
2ND
_a
616-053.2
100
_a
8
101
_a
SHM
245
_a
ADULT AND PEDIATRIC UROLOGY
_c
GILLENWATER, J.Y
942
_2
udc
_c
BK
999
_c
9005
_d
9005